000
00322nam a22001337a 4500
003
OSt
008
250108b |||||||| |||| 00| 0 eng d
041
_a
eng
100
_a
Bindra OS
_9
6829
245
_a
Pesticide Application Equipment
260
_a
New Delhi:
_b
Oxford of IBH
700
_a
Harchndrasingh
_9
6830
942
_c
BK
999
_c
18981
_d
18981